000
00306nam a22001457a 4500
008
231102b ||||| |||| 00| 0 eng d
020
_a
9780964350403
041
_a
eng
080
_a
53
082
_a
53GLE
100
_a
23
101
_a
FIZIK
245
_a
WHO IS FOURIER
_c
GLEASON.A
942
_2
udc
_c
BK
999
_c
60487
_d
60487